00656nam a2200157Ia 4500008004100000020002200041050002200063100003400085245011500119260002300234300001100257500002200268650008000290952011100370999001700481121028s9999 xx 000 0 und d a978-607-17-0428-3 aLB159.3 G371 2010 aGarcía González, Enrique. aPedagogía constructivista y competencias : lo que los maestros necesitan saber / Enrique García González aMéxico : Trillas a141 p. aIncluye Contenido aConstructivismo (Educación) Educación basada en competencias Ì 00104070a14b14d2010-11-29l8oLB159.3 G371 2010p14 003742r2019-02-11s2019-02-11t1w2012-10-28yLB c85777d85777